Газар нутаг уул усны домог (Бичлэгийн дугаар. 81556)
[ энгийн харах ]
| 000 -Удирдлага | |
|---|---|
| Ном зүйн бүртгэл тоо буюу кодлох утгыг агуулсан | 01102nam a22002297a 4500 |
| 003 - ХЯНАЛТЫН ТОО ТОДОРХОЙЛОГЧ | |
| Код | MN-UlNLM |
| 005 - ХАМГИЙН СҮҮЛИЙН ҮЕИЙН ХЭЛЦЛИЙН ОГНОО БА ЦАГ | |
| Тухайн бичилтийг бичсэн засварласан сүүлийн огноо. | 20220902165454.0 |
| 008 - ЕРӨНХИЙ МЭДЭЭЛЭЛ-ЭЛЕМЕНТҮҮДИЙН ӨГӨГДЛИЙН УРТ | |
| fixed length control field | 180510t2017 mp ||||| |||| 00| 0 mon d |
| 020 ## - ОЛОН УЛСЫН СТАНДАРТ НОМЫН ДУГААР-ISBN | |
| Олон Улсын Стандарт Номын Дугаар | 978-99978-835-7-5 |
| 040 ## - ЭХ СУРВАЛЖИЙГ ТОДОРХОЙЛОН БИЧИХ | |
| Анхны каталогийн байгууллага | Монгол Улсын Үндэсний номын сан |
| 084 ## - БУСАД АНГИЛЛЫН ДУГААР | |
| Ангиллын нэр | Номын сан номзүйн ангилал |
| Анги | 82.3(5Мон) |
| Зохиогчийн 3-н тэмдэгт | Г 161 |
| Шинжлэх ухааны мэдлэгийн салбар | Ардын аман зохиол, утга зохиол - 82 |
| 245 0# - ҮНДСЭН ГАРЧИГ | |
| Гарчиг | Газар нутаг уул усны домог |
| Оролцогчдын тухай мэдээ | Эмхт. Г.Сүлд-Эрдэнэ |
| -- | Хян. Ч.Наранцэцэг |
| 260 1# - ГАРАЛТЫН ТУХАЙ МЭДЭЭ | |
| Хэвлэгдсэн газар | УБ |
| Хэвлэлийн газар | Анд хэвл |
| Хэвлэгдсэн он | 2017 |
| 300 ## - ТООНЫ МЭДЭЭ | |
| Хуудасны тоо | 304х |
| 500 ## - НОМЫН ТОВЧ АГУУЛГА | |
| Дэлгэрэнүй тайлбар | Таны гэр бүлийн номын санд: Домог уншаад өгөөч |
| 546 ## - ХЭЛНИЙ ТУХАЙ МЭДЭЭ | |
| Хэл | |
| 653 ## - ТҮЛХҮҮР ҮГС | |
| Түлхүүр үг | Ардын аман зохиол, утга зохиол |
| 740 ## - НОМЫН АГУУЛГЫН ГАРЧИГ | |
| Номын гарчгууд | Авдрант хад. |
| -- | Айдасын даваа. |
| -- | Амарбаясгалант. |
| -- | Ах дүү хоёр овооны домог. |
| -- | Баавшийн арал. |
| -- | Бандийн хутаг. |
| -- | Бодийн гол. |
| -- | Бошлий хад. |
| -- | Гурван цэнхэр. |
| -- | Гэлэн цохио. |
| -- | Санзайн амралт. |
| 856 ## - ЭЛЕКТРОН БАЙРЛАЛ БА ХОЛБООС | |
| Төрөл | Хэвлэмэл ном |
| 942 ## - ЭЛЕМЕНТИЙН ТӨРӨЛ | |
| Төрөл | Ном |
| Буцаан татагдсан төлөв | Хасагдсан шалтгаан | Гэмтсэн төлөв | Данс заагч | Захиалах боломжгүй | Үндсэн номын сан | Одоогийн байршил | Салбар танхим | Сан хөмрөг 5 | Бүртгэсэн огноо | Бүрдүүлэлтийн эх үүсвэр | Тавиурын заалт | Баркод | Үнэ | Хамгийн сүүлд байсан огноо | Нийт уншлаганд гарсан тоо | Фактур мөрийн дугаар | Төрөл | Хамгийн сүүлд уншлаганд гарсан огноо |
|---|---|---|---|---|---|---|---|---|---|---|---|---|---|---|---|---|---|---|
| МУҮНомын сан салбар | МУҮНомын сан салбар | МУҮНС салбар | Язгуур танхим 8 давхар | МУҮНС салбар | Язгуур танхим 8 давхар | 2021-08-31 | Бэлэг, хандив | 92902 | 000020092902 | 20000.00 | 2023-06-10 | 2 | 181623.00 | Ном | 2023-06-10 | |||||
| МУҮНомын сан салбар | МУҮНомын сан салбар | МУҮНС салбар | Язгуур танхим 8 давхар | МУҮНС салбар | Язгуур танхим 8 давхар | 2021-08-31 | Худалдан авсан | 93345 | 000020093345 | 16800.00 | 2022-04-12 | 1 | 181202.00 | Ном | 2022-04-12 | |||||
| МУҮНомын сан салбар | МУҮНомын сан салбар | МУҮНС салбар | Язгуур танхим 8 давхар | МУҮНС салбар | Язгуур танхим 8 давхар | 2021-08-31 | Худалдан авсан | 93346 | 000020093346 | 16800.00 | 2021-08-31 | 181202.00 | Ном | |||||||
| Албан хэрэгцээнд | МУҮндэсний Номын сан | МУҮндэсний Номын сан | МУҮНС төв | Архив фонд төв байр | МУҮНС төв | Архив фонд төв байр | 2018-05-29 | Бэлэг, хандив | 39377 | 003110039377 | 20000.00 | 2018-05-10 | 181623.00 | Ном |